| 000 | 00802cab a22002055a 4500 | ||
|---|---|---|---|
| 001 | L159843 | ||
| 008 | 150113e2017 xxk 000 0 eng d | ||
| 035 | _a(Sirsi) u159843 | ||
| 041 | 0 | _aeng | |
| 100 | 1 | _aHamilton, Jill | |
| 245 | 0 | 0 |
_aMaterial changes _h[electronic resource] |
| 260 |
_aLondon _bRICS _c2017 |
||
| 490 |
_aRICS Building Surveying Journal _vOctober - November 2017, 22(1) |
||
| 520 | _aReviews recent changes to the JCT suite of contracts. | ||
| 650 | 2 | 4 | _aBUILT ENVIRONMENT-BUILDING CONTRACT FORMS-STANDARD FORMS OF BUILDING CONTRACT-JOINT CONTRACTS TRIBUNAL CONTRACTS |
| 650 | 2 | 4 |
_aContracts _96232 |
| 651 | 4 |
_aUnited Kingdom _y |
|
| 856 | 4 | 0 |
_uhttps://issuu.com/ricsmodus/docs/building_surveying_journal_october__45ef6cafff2b21 _yAvailable free online via Issuu |
| 942 |
_n0 _2ddc |
||
| 999 |
_c85008 _d85008 |
||